000 00934nam a22002297a 4500
999 _c20106
_d20106
003 AR-CdUCM
008 190223b ||||| |||| 00| 0 spa d
040 _aMUNICIPALIDAD PROVINCIAL DEL CUSCO
_cBIBLIOTECA MUNICIPAL DEL CUSCO
082 _a301.7 /
_bJ15
100 _aJaguaribe, Helio
_92019
245 _aSociedad, cambio y sistema político :
_bDesarrollo político: una investigación en teoría social y política y un estudio del caso latinoamericano /
260 _aBuenos Aires :
_bPaidos,
_c1972.
300 _a228 páginas ;
_c20 cm.
_bCuadritos
500 _aDonación familia Nieto
505 _aContenido : Sociedad y cambio -- Visión general de la sociedad -- Marco analitico general -- Localizacion de la sociedad -- El sistema de accion...
650 _aSocial
_92020
650 _aEconomía
_9382
650 _aDesarrollo
_92021
650 _aCambio estrucctural
_942064
942 _2ddc
_cLIBROS
945 _arcc